Essential Cell Biology. (Record no. 171581)

MARC details
000 -LEADER
fixed length control field 01005nam a2200325 4500
003 - CONTROL NUMBER IDENTIFIER
control field OSt
005 - DATE AND TIME OF LATEST TRANSACTION
control field 20250409145630.0
008 - FIXED-LENGTH DATA ELEMENTS--GENERAL INFORMATION
fixed length control field 250409b |||||||| |||| 00| 0 eng d
020 ## - INTERNATIONAL STANDARD BOOK NUMBER
International Standard Book Number 9780393680393
040 ## - CATALOGING SOURCE
Original cataloging agency NUST
Language of cataloging eng
Transcribing agency NUST
Modifying agency NUST
Description conventions rda
050 ## - LIBRARY OF CONGRESS CALL NUMBER
Classification number QH581.2 ALB
100 ## - MAIN ENTRY--PERSONAL NAME
Personal name Bruce Albert.
Relator term Author.
245 ## - TITLE STATEMENT
Title Essential Cell Biology.
Statement of responsibility, etc. Bruce Albert.
250 ## - EDITION STATEMENT
Edition statement Fifth edition
260 ## - PUBLICATION, DISTRIBUTION, ETC.
Place of publication, distribution, etc. Canada,
Name of publisher, distributor, etc. Norton,
Date of publication, distribution, etc. 2019.
300 ## - PHYSICAL DESCRIPTION
Extent xxxii,734 pages:
Other physical details illustrations;
Dimensions 28 cm.
336 ## - CONTENT TYPE
Source rdamedia
Content type term text
Content type code txt
337 ## - MEDIA TYPE
Source rdamedia
Media type term unmediated
Media type code n
338 ## - CARRIER TYPE
Source rdamedia
Carrier type term volume
Carrier type code nc
504 ## - BIBLIOGRAPHY, ETC. NOTE
Bibliography, etc. note with Answers, Glossary and Index,
650 ## - SUBJECT ADDED ENTRY--TOPICAL TERM
Source of heading or term Physiology
650 ## - SUBJECT ADDED ENTRY--TOPICAL TERM
Source of heading or term Cell Biology
700 ## - ADDED ENTRY--PERSONAL NAME
Personal name Karen Hopkin
Relator term Author
700 ## - ADDED ENTRY--PERSONAL NAME
Personal name Alexander Johnson
Relator term Author
700 ## - ADDED ENTRY--PERSONAL NAME
Personal name David Morgan
Relator term Author
700 ## - ADDED ENTRY--PERSONAL NAME
Personal name Martin Raff
Relator term Author
700 ## - ADDED ENTRY--PERSONAL NAME
Personal name Keith Roberts
Relator term Author
700 ## - ADDED ENTRY--PERSONAL NAME
Personal name Peter Walter
Relator term Author
942 ## - ADDED ENTRY ELEMENTS (KOHA)
Source of classification or shelving scheme Library of Congress Classification
Koha item type Ordinary Loan Books
Edition Fifth Edition
Classification part QH581.2 ALB
Call number prefix QH
Call number suffix ALB
Suppress in OPAC No
Holdings
Withdrawn status Lost status Source of classification or shelving scheme Damaged status Not for loan Collection Home library Current library Shelving location Date acquired Source of acquisition Cost, normal purchase price Total Checkouts Full call number Barcode Date last seen Accession number Cost, replacement price Price effective from Koha item type Public note
    LCC     NFIC MEDICAL MEDICAL GEN 04/09/2025 Book Aid International 71.00   QH581.2 ALB 92004056019 04/09/2025 62618 71.00 04/09/2025 BOOKS Donation